00876nam a2200217 a 450000500170000000800410001704000250005804100080008308200180009124500760010926000270018530000520021265000540026465000380031865000290035665000330038571000470041894200150046599900150048095201630049520160316085241.0140227b1998 iv d fr|||| 00| 0 eng d aCO-BoIAVHcCO-BoIAVH1 aeng04a306.349bD48t10aDevelopment of teak cloning and establishment of industrial plantations a[s.l.] :bITTO,c1998. a16 páginas :btablas ;c30 x 21 centímetros 6aIndustria forestalxplantacioneszCosta de Marfil 6aRecursos forestalesxplantaciones 4aAprovechamiento forestal 6aAprovechamiento de la madera2 aInternational tropical timber organization cLIBRO2ddc c1401d1401 00102ddc40708GENERALIINV2017aBogotabBogotad1999-07-16g39000.00l0oLB-306.349 D48tp001942r2012-12-04 00:00:00tEj. 1w2012-12-04xDonaciónyLIBRO